000 00566nam a2200181 4500
001 131273
003 ES-MaACL
005 20230906193942.0
007 t|
008 070214s1971 sp r ||||1| spa d
100 1 _aRobinson, John Arthur Thomas
_cBishop of Woolwion.
_997896
245 1 1 _a¿La nueva Reforma? /
_cJohn A. T. Robinson, Obispo de Woolwich ; [traductora Victoria Camps].
250 _a1ª ed.
260 _aBarcelona :
_bAriel,
_c1971.
300 _a234 p. ;
_c19 cm.
700 1 _aCamps, Victoria.
_934320
852 _aES-MaACL
_jC-50668
_bR.76713
999 _c131273
_d131273